000
00323 a2200157 4500
001
178556
020
_a
040
_c
Magnum
100
_a
Gomes, Alvaro Cardoso
240
1
0
_a
O elefante xadrez
_l
por
245
1
0
_a
O elefante xadrez
362
0
_a
1899
440
1
_a
FTD
697
_a
MAGNITO: I/ANIMAIS
942
_c
BK
999
_c
178556
_d
178556